| 000 | 00533nam a2200193Ia 4500 | ||
|---|---|---|---|
| 005 | 20250508151208.0 | ||
| 008 | 008 250505s9999 xx 000 0 eng d | ||
| 037 | _aTextual | ||
| 040 |
_aFEDL _beng _cFEDL |
||
| 041 |
_aeng _2eng |
||
| 084 |
_a152.8, KEN _qFEDL |
||
| 100 |
_aKent Grace H. _992656 |
||
| 245 | 0 | _aMental tests clinics for children | |
| 260 |
_aToronto _bD. Van Nostrand Company |
||
| 300 | _axii,180p | ||
| 650 |
_aPsychometry _9441581 |
||
| 942 |
_cTEXL _h152.8, KEN |
||
| 999 |
_c1328172 _d1328172 |
||